000
00314nam a22001457a 4500
008
230913b ||||| |||| 00| 0 eng d
020
_a
0300025009
041
_a
eng
080
_a
521
082
_a
521HUB
100
_a
19
101
_a
ASTRO
245
_a
THE REAL, OF THE NEBULAE
_c
HUBBLE.E
942
_2
udc
_c
BK
999
_c
60357
_d
60357